000 01522 a2200253 4500
001 21240
005 20260407155503.0
008 260407a2013 arg spa d
003 AR-UNSa-BCEJYS
040 _aAR-UNSa-BCEJYS
_bspa
_cAR-UNSa-BCEJYS
080 _a658.012.2
_xPlanificación. Programas. Planes. Medidas de apoyo a la planificación( Administración estratégica...)
245 1 0 _aConceptos de administración estratégica
020 _a978-607-32-1576-3
250 _a14a. ed.
264 1 _aMéxico :
_bPearson Educación
_c2013
300 _axiv, 386 p.
_c27 cm.
505 _a1. Naturaleza de la administración estratégica - 2. La visión y la misión de la empresa - 3. Evaluación externa - 4. Evaluación interna - 5. Estrategias en acción - 6. Análisis y elección de la estrategia - 7. Implementación de estrategias. Temas de administración y operaciones - 8. Implementación de estrategias. Temas de marketing, finanzas/contabilidad, investigación y desarrollo y sistema de información gerencial - 9. Revisión, evaluación y control de estrategias - 10. Etica de negocios, responsabilidad social y sostenibilidad ambiental - 11. Temas globales/internacionales
942 _cBK
590 _aniveau_biblio:m niveau_hierar:0
100 1 _aDavid, Fred R.
700 1 _aRamírez, Verónica del Carmen Alba
700 1 _aJasso Hernán d`Borneville, Erika Montserrat
856 4 1 _uhttps://biblioeco.unsa.edu.ar/pmb/images/libros/Administraci?n Estrat?gica 2.jpg
_yImagen de portada
_qimage/jpeg
999 _c789
_d789